00949nam a2200253Ia 4500003000400000005001700004008004100021020001800062040001800080041000800098082002200106100002600128245014000154250001200294260004400306300003000350650003000380650004100410650003100451650003200482942003100514999001900545952013100564OSt20251215133857.0210716s2016 xx 000 0 und d a9781785883767 cAIMIT LIBRARY aeng a005.763 21bJENJ aJenkins, Jon.9249043 aLearning xero: blearn to use xero to make bookkeeping tasks simple and gain valuable business insights effortlessly /cBy Jon Jenkins a1sr ed. aMumbai :bPackt Publishing Ltd ,c2016. avii,202 p.;bPBc24.5 cm. aBreaking the bank9249044 aUsing xero to excel at sales9249045 aProcessing payroll9249046 aReal time reporting9249047 2ddccBKe1stk005.763 JENJ c196645d196645 001040708MCAaAIMITbAIMITeKnowledge Worldg799.00l0o005.763 JENJpMCA16160r2026-05-23 00:00:00v599.25w2021-07-16yBK